Towns on the Danube - sudden death - Statistics

General Stats
  • This quiz has been taken 92 times
  • The average score is 11 of 20
Answers on the Grid
Answers color-coded by a green-red scale on the quiz's grid according to % correct below.
Linz
Gdansk
Venice
Ulm
Strasbourg
San Marino
Donaueschingen
Vienna
Ankara
Skopje
Bratislava
Liege
Regensburg
Pristina
Luxembourg
Novi Sad
Brăila
Ingolstadt
Ruse
Bucharest
Sarajevo
Belgrade
Podgorica
Izmail
Eindhoven
Passau
Minsk
Frankfurt
Vác
Yakutsk
Krems an der Donau
Vukovar
Tirana
Dunaújváros
Giurgiulești
Vilnius
Ljubljana
Vaduz
Budapest
Drobeta-Turnu Severin
 
Answer Stats
Answer % Correct
Austria Vienna
92%
Slovakia Bratislava
79%
Hungary Budapest
79%
Serbia Belgrade
71%
Austria Linz
67%
Serbia Novi Sad
63%
Germany Regensburg
58%
Germany Donaueschingen
54%
Austria Krems an der Donau
54%
Germany Ulm
54%
Hungary Dunaújváros
46%
Germany Passau
46%
Romania Drobeta-Turnu Severin
42%
Romania Brăila
38%
Moldova Giurgiulești
38%
Germany Ingolstadt
38%
Bulgaria Ruse
38%
Hungary Vác
38%
Croatia Vukovar
38%
Ukraine Izmail
25%
No matching quizzes found
Score Distribution
Percent of People with Each Score
Percentile by Number Answered
Your Score History
You have not taken this quiz